Top 10 Cricket Wicketkeepers - Test, ODI, T20I - Statistics

General Stats
  • This quiz has been taken 56 times
    5 since last reset
  • The average score is 19 of 30
Answer Stats
Test Dismissals Nation Answer % Correct
416 Australia Adam Gilchrist
100%
472 Australia Adam Gilchrist
100%
482 Sri Lanka Kumar Sangakkara
100%
294 India Mahendra Dhoni
100%
444 India Mahendra Dhoni
100%
91 India Mahendra Dhoni
100%
555 South Africa Mark Boucher
100%
424 South Africa Mark Boucher
100%
270 Australia Brad Haddin
80%
265 New Zealand Bradley-John Watling
80%
395 Australia Ian Healy
80%
233 Australia Ian Healy
80%
271* England Jos Buttler
80%
98* England Jos Buttler
80%
256 England Matt Prior
80%
231* South Africa Quinton de Kock
80%
117* South Africa Quinton de Kock
80%
269 England Alan Knott
60%
355 Australia Rodney Marsh
60%
242 New Zealand Brendon McCullum
40%
270 West Indies Jeff Dujon
40%
64* Bangladesh Litton Das
40%
287 Pakistan Moin Khan
40%
297* Bangladesh Mushfiqur Rahim
40%
80* Netherlands Scott Edwards
40%
65* Scotland Matthew Cross
20%
68* Namibia Zane Green
20%
69* Indonesia Ahmad Ramdoni
0%
82* Rwanda Didier Ndikubwimana
0%
87* Kenya Irfan Karim
0%
No matching quizzes found
Score Distribution
Percent of People with Each Score
Percentile by Number Answered
Your Score History
You have not taken this quiz since the last reset